| 000 | 00699nam a2200205Ia 4500 | ||
|---|---|---|---|
| 003 | GCL | ||
| 008 | 140319s9999 xx 000 0 ara d | ||
| 020 | _a1465499977 | ||
| 040 |
_aGCL / _cGCL |
||
| 082 | 0 | 4 |
_a577.27 _bم ت |
| 100 | 1 | _aمحمد منير حجاب | |
| 245 | 1 | 0 |
_aالتلوث وحماية البيئة : _bقضايا البيئة من منظور اسلامى / _cمحمد منير حجاب |
| 260 |
_aالقاهرة : _bدار الفجر للنشر والتوزيع ، _c2001 |
||
| 300 |
_a159 ص ؛ _c22 سم |
||
| 650 | 0 | 4 | _aالبيئة |
| 650 | 0 | 4 | _aتلوث البيئة |
| 650 | 0 | 4 | _aحماية البيئة |
| 650 | 0 | 4 | _aالتلوث الاشعاعى |
| 942 |
_2ddc _cBK |
||
| 999 |
_c30559 _d30559 |
||